Razas humanas
Gespeichert in:
| 1. Verfasser: | |
|---|---|
| Format: | Buch |
| Sprache: | Spanisch |
| Veröffentlicht: |
Barcelona
Sopena
1975
|
| Schriftenreihe: | Biblioteca Hispania Ilustrada
|
| Schlagworte: | |
| Tags: |
Tag hinzufügen
Keine Tags, Fügen Sie den ersten Tag hinzu!
|
MARC
| LEADER | 00000nam a2200000 a 4500 | ||
|---|---|---|---|
| 001 | UCX9283 | ||
| 003 | CL-VaPUC | ||
| 008 | 940530e19750000SP |||||||||||||||||spa|d | ||
| 082 | 0 | 4 | |a 572.2 |b PAN |2 21 |
| 100 | |a Panyella, Augusto |e autor |9 326657 | ||
| 245 | 1 | 0 | |a Razas humanas |
| 300 | |a 696 p | ||
| 942 | |c BK | ||
| 945 | |d 19940530 00:00:00 |a oaravena | ||
| 260 | |a Barcelona |b Sopena |c 1975 | ||
| 650 | 0 | |a Razas |9 326658 | |
| 650 | 0 | |a Etnología |9 258726 | |
| 583 | |a last modification |c 19940530 00:00:00 |k Rodrigo Vera | ||
| 490 | 0 | |a Biblioteca Hispania Ilustrada | |
| 999 | |c 228569 |d 228567 | ||
| 952 | |0 0 |1 0 |4 0 |6 572_200000000000000_PAN_1975 |7 0 |8 A |9 228815 |a BIBING |b BIBING |d 2019-11-15 |i 2981513 |o 572.2 PAN 1975 |p 2981513 |r 2025-01-20 |w 2019-11-15 |y BK |k GEO | ||